[Event "Moscow Open 2018 F"]
[Site "?"]
[Date "2018.01.27"]
[Round "2.6"]
[White "Porozhnyak, Maya"]
[Black "Chernyavsky, Alexander"]
[Result "0-1"]
[BlackElo "2326"]
[WhiteElo "2065"]
[LiveChessVersion "1.4.8"]

1. e4 {[%clk 1:30:59]} c5 {[%clk 1:30:55]} 2. a3 {[%clk 1:31:25]} g6
{[%clk 1:26:55]} 3. b4 {[%clk 1:31:50]} Bg7 {[%clk 1:27:19]} 4. Nc3
{[%clk 1:32:04]} d6 {[%clk 1:26:43]} 5. Bb2 {[%clk 1:28:08]} Nc6 {[%clk 1:26:06]}
6. b5 {[%clk 1:26:25]} Nd4 {[%clk 1:24:59]} 7. Bc4 {[%clk 1:20:56]} Nf6
{[%clk 1:19:03]} 8. d3 {[%clk 1:19:10]} a6 {[%clk 1:00:42]} 9. Nge2
{[%clk 1:11:32]} Bd7 {[%clk 0:55:07]} 10. bxa6 {[%clk 1:03:09]} b5
{[%clk 0:54:03]} 11. Ba2 {[%clk 0:55:04]} Nxe2 {[%clk 0:48:06]} 12. Qxe2
{[%clk 0:50:29]} O-O {[%clk 0:48:05]} 13. O-O {[%clk 0:50:49]} Rxa6
{[%clk 0:46:31]} 14. Kh1 {[%clk 0:45:50]} Ne8 {[%clk 0:43:08]} 15. Bb3
{[%clk 0:41:44]} Nc7 {[%clk 0:41:27]} 16. Ra2 {[%clk 0:35:06]} Ne6
{[%clk 0:33:57]} 17. Bxe6 {[%clk 0:34:29]} Bxe6 {[%clk 0:34:20]} 18. Nd5
{[%clk 0:34:56]} Bxd5 {[%clk 0:33:35]} 19. exd5 {[%clk 0:35:11]} Bxb2
{[%clk 0:33:59]} 20. Rxb2 {[%clk 0:35:40]} Qd7 {[%clk 0:34:18]} 21. Rfb1
{[%clk 0:34:33]} Rxa3 {[%clk 0:34:27]} 22. h3 {[%clk 0:34:37]} b4
{[%clk 0:32:07]} 23. c4 {[%clk 0:29:55]} bxc3 {[%clk 0:31:48]} 24. Rb7
{[%clk 0:30:24]} Qa4 {[%clk 0:30:25]} 25. Kh2 {[%clk 0:27:38]} c2
{[%clk 0:29:11]} 26. Re1 {[%clk 0:27:31]} c1=Q {[%clk 0:28:45]} 0-1

[Event "Moscow Open 2018 F"]
[Site "?"]
[Date "2018.01.27"]
[Round "2.7"]
[White "Fotin, Vladimir"]
[Black "Orshonova, Elena"]
[Result "0-1"]
[BlackElo "2047"]
[WhiteElo "2315"]
[LiveChessVersion "1.4.8"]

1. d4 {[%clk 1:30:34]} d5 {[%clk 1:30:52]} 2. Nf3 {[%clk 1:30:23]} Nf6
{[%clk 1:31:10]} 3. c4 {[%clk 1:29:34]} c6 {[%clk 1:31:26]} 4. e3
{[%clk 1:28:50]} e6 {[%clk 1:31:25]} 5. b3 {[%clk 1:28:59]} Nbd7 {[%clk 1:31:19]}
6. Bb2 {[%clk 1:29:04]} Be7 {[%clk 1:30:36]} 7. Bd3 {[%clk 1:26:08]} O-O
{[%clk 1:30:01]} 8. Nc3 {[%clk 1:25:23]} dxc4 {[%clk 1:26:15]} 9. bxc4
{[%clk 1:25:25]} Qa5 {[%clk 1:25:41]} 10. O-O {[%clk 1:23:42]} Re8
{[%clk 1:22:47]} 11. Qc2 {[%clk 1:18:17]} Bd6 {[%clk 1:14:27]} 12. Rfe1
{[%clk 1:01:33]} h6 {[%clk 1:12:43]} 13. h3 {[%clk 0:54:48]} e5 {[%clk 1:06:38]}
14. Rad1 {[%clk 0:42:16]} a6 {[%clk 0:51:53]} 15. c5 {[%clk 0:22:30]} Bb8
{[%clk 0:51:01]} 16. Ne4 {[%clk 0:17:22]} Nxe4 {[%clk 0:50:14]} 17. Bxe4
{[%clk 0:17:46]} Nf6 {[%clk 0:47:39]} 18. Nxe5 {[%clk 0:14:31]} Nxe4
{[%clk 0:42:45]} 19. Qxe4 {[%clk 0:14:52]} Qxa2 {[%clk 0:41:34]} 20. Qc2
{[%clk 0:13:35]} Be6 {[%clk 0:40:15]} 21. Ra1 {[%clk 0:11:39]} Qd5
{[%clk 0:32:11]} 22. e4 {[%clk 0:08:24]} Qd8 {[%clk 0:32:36]} 23. Rad1
{[%clk 0:07:56]} Qg5 {[%clk 0:28:33]} 24. Re3 {[%clk 0:04:53]} Bc7
{[%clk 0:26:20]} 25. Qe2 {[%clk 0:02:42]} Rad8 {[%clk 0:23:18]} 26. Rg3
{[%clk 0:01:46]} Qf6 {[%clk 0:21:31]} 27. Rf3 {[%clk 0:01:20]} Qh4
{[%clk 0:21:23]} 28. Re3 {[%clk 0:00:56]} f6 {[%clk 0:19:44]} 29. Nf3
{[%clk 0:01:05]} Qh5 {[%clk 0:19:44]} 30. d5 {[%clk 0:00:44]} cxd5
{[%clk 0:17:40]} 31. e5 {[%clk 0:01:04]} f5 {[%clk 0:14:26]} 32. Qc2
{[%clk 0:01:32]} f4 {[%clk 0:13:36]} 33. Rb3 {[%clk 0:01:42]} Bf5
{[%clk 0:11:44]} 34. Qd2 {[%clk 0:01:03]} Be4 {[%clk 0:11:49]} 35. Qxf4
{[%clk 0:00:46]} Bc2 {[%clk 0:11:04]} 36. Rxb7 {[%clk 0:01:07]} Bxd1
{[%clk 0:11:24]} 37. Rxc7 {[%clk 0:01:30]} Bxf3 {[%clk 0:11:38]} 38. gxf3
{[%clk 0:00:35]} Qg6+ {[%clk 0:10:42]} 39. Kh2 {[%clk 0:00:44]} Rb8
{[%clk 0:10:42]} 40. Bd4 {[%clk 0:00:34]} Rb1 {[%clk 0:10:04]} 41. Qg4
{[%clk 0:00:48]} Qxg4 {[%clk 0:09:56]} 42. fxg4 {[%clk 0:01:17]} Rd1
{[%clk 0:10:09]} 43. Be3 {[%clk 0:01:38]} Rxe5 {[%clk 0:09:55]} 44. Rd7
{[%clk 0:01:49]} Re6 {[%clk 0:09:08]} 45. Kg3 {[%clk 0:01:52]} Rf6
{[%clk 0:07:07]} 46. h4 {[%clk 0:02:12]} Rg1+ {[%clk 0:06:33]} 47. Kh2
{[%clk 0:01:45]} Rxg4 {[%clk 0:06:38]} 48. Kh3 {[%clk 0:02:09]} h5
{[%clk 0:05:56]} 49. Rxd5 {[%clk 0:01:39]} Rf3+ {[%clk 0:06:15]} 50. Kh2
{[%clk 0:02:03]} Rxh4+ {[%clk 0:06:26]} 51. Kg2 {[%clk 0:02:28]} Rf6
{[%clk 0:06:25]} 52. Kg3 {[%clk 0:01:10]} Rg4+ {[%clk 0:06:45]} 53. Kh3
{[%clk 0:01:38]} g6 {[%clk 0:06:35]} 54. Rd7 {[%clk 0:01:51]} a5 {[%clk 0:05:38]}
55. Ra7 {[%clk 0:00:42]} a4 {[%clk 0:05:58]} 56. Kh2 {[%clk 0:00:53]} Kf8
{[%clk 0:06:02]} 57. f4 {[%clk 0:00:38]} Re6 {[%clk 0:05:44]} 58. c6
{[%clk 0:00:53]} Rxe3 {[%clk 0:05:26]} 59. c7 {[%clk 0:01:12]} Rc3
{[%clk 0:05:47]} 60. Ra8+ {[%clk 0:01:28]} Kf7 {[%clk 0:06:09]} 61. c8=R
{[%clk 0:01:46]} Rxc8 {[%clk 0:06:34]} 62. Rxc8 {[%clk 0:02:10]} Rxf4
{[%clk 0:06:56]} 63. Rc6 {[%clk 0:02:24]} Kg7 {[%clk 0:07:08]} 64. Ra6
{[%clk 0:02:45]} Kh6 {[%clk 0:07:23]} 65. Ra5 {[%clk 0:02:52]} h4
{[%clk 0:07:43]} 66. Kh3 {[%clk 0:03:03]} g5 {[%clk 0:08:05]} 67. Ra8
{[%clk 0:03:26]} Kg6 0-1

[Event "Moscow Open 2018 F"]
[Site "?"]
[Date "2018.01.27"]
[Round "2.8"]
[White "Marchenkov, Timofej"]
[Black "Ivlev, Aleksey"]
[Result "0-1"]
[BlackElo "2300"]
[WhiteElo "2028"]
[LiveChessVersion "1.4.8"]

1. d4 {[%clk 1:30:57]} Nf6 {[%clk 1:30:00]} 2. Nf3 {[%clk 1:31:09]} c5
{[%clk 1:30:10]} 3. c3 {[%clk 1:30:44]} e6 {[%clk 1:30:27]} 4. Bf4
{[%clk 1:30:14]} Nc6 {[%clk 1:30:48]} 5. e3 {[%clk 1:30:27]} Nh5 {[%clk 1:29:59]}
6. Bg5 {[%clk 1:27:08]} Qb6 {[%clk 1:30:13]} 7. Qc2 {[%clk 1:25:03]} h6
{[%clk 1:30:18]} 8. Bh4 {[%clk 1:25:12]} g5 {[%clk 1:30:37]} 9. Bg3
{[%clk 1:25:36]} Nxg3 {[%clk 1:30:57]} 10. hxg3 {[%clk 1:25:17]} Bg7
{[%clk 1:31:21]} 11. Nbd2 {[%clk 1:22:51]} d5 {[%clk 1:31:30]} 12. dxc5
{[%clk 1:18:35]} Qxc5 {[%clk 1:31:02]} 13. Nb3 {[%clk 1:18:58]} Qe7
{[%clk 1:29:30]} 14. Nfd4 {[%clk 1:14:35]} Bd7 {[%clk 1:26:28]} 15. Be2
{[%clk 1:09:08]} Rc8 {[%clk 1:24:57]} 16. Rc1 {[%clk 0:52:39]} O-O
{[%clk 1:23:31]} 17. O-O {[%clk 0:45:25]} f5 {[%clk 1:23:17]} 18. g4
{[%clk 0:44:48]} f4 {[%clk 1:18:20]} 19. exf4 {[%clk 0:39:15]} Nxd4
{[%clk 1:18:41]} 20. Nxd4 {[%clk 0:39:34]} Bxd4 {[%clk 1:19:06]} 21. Qg6+
{[%clk 0:39:59]} Qg7 {[%clk 1:19:08]} 22. Qxg7+ {[%clk 0:40:04]} Bxg7
{[%clk 1:19:36]} 23. fxg5 {[%clk 0:39:28]} hxg5 {[%clk 1:19:55]} 24. Rcd1
{[%clk 0:37:06]} b5 {[%clk 1:19:19]} 25. g3 {[%clk 0:36:30]} b4 {[%clk 1:19:31]}
26. cxb4 {[%clk 0:36:37]} Bxb2 {[%clk 1:19:53]} 27. Rb1 {[%clk 0:36:10]} Bd4
{[%clk 1:20:13]} 28. Rbd1 {[%clk 0:34:47]} e5 {[%clk 1:20:35]} 29. Bd3
{[%clk 0:34:57]} Bxg4 {[%clk 1:20:58]} 0-1

[Event "Moscow Open 2018 F"]
[Site "?"]
[Date "2018.01.27"]
[Round "2.9"]
[White "Vasilyev, Vasily"]
[Black "Ustich, Ekaterina"]
[Result "1/2-1/2"]
[BlackElo "2022"]
[WhiteElo "2299"]
[LiveChessVersion "1.4.8"]

1. d4 {[%clk 1:29:08]} Nf6 {[%clk 1:30:52]} 2. Nf3 {[%clk 1:29:18]} d5
{[%clk 1:30:49]} 3. g3 {[%clk 1:29:33]} Bf5 {[%clk 1:29:52]} 4. Bg2
{[%clk 1:29:43]} Nbd7 {[%clk 1:29:37]} 5. O-O {[%clk 1:26:35]} h6
{[%clk 1:28:05]} 6. c4 {[%clk 1:25:51]} dxc4 {[%clk 1:22:51]} 7. Qa4
{[%clk 1:23:57]} c6 {[%clk 1:16:55]} 8. Qxc4 {[%clk 1:24:15]} e6 {[%clk 1:10:45]}
9. Nc3 {[%clk 1:24:26]} Be7 {[%clk 1:10:39]} 10. Re1 {[%clk 1:20:43]} Ne4
{[%clk 1:08:15]} 11. Nd2 {[%clk 1:15:32]} Nxd2 {[%clk 1:00:36]} 12. Bxd2
{[%clk 1:15:32]} Nb6 {[%clk 1:00:47]} 13. Qb3 {[%clk 1:14:22]} Qxd4
{[%clk 1:00:11]} 14. Be3 {[%clk 1:11:32]} Qb4 {[%clk 0:58:14]} 15. Red1
{[%clk 1:07:43]} O-O {[%clk 0:40:19]} 16. Bxb6 {[%clk 1:03:07]} axb6
{[%clk 0:40:34]} 17. Qxb4 {[%clk 1:03:23]} Bxb4 {[%clk 0:40:55]} 18. Rd7
{[%clk 1:03:49]} Rfd8 {[%clk 0:39:53]} 19. Rxb7 {[%clk 1:02:00]} Bxc3
{[%clk 0:39:42]} 20. bxc3 {[%clk 1:02:23]} Rxa2 {[%clk 0:38:59]} 21. Rf1
{[%clk 1:02:12]} Rxe2 {[%clk 0:38:46]} 22. Rxb6 {[%clk 1:01:22]} c5
{[%clk 0:37:53]} 23. Rc6 {[%clk 1:00:54]} Re5 {[%clk 0:34:09]} 24. f4
{[%clk 0:59:22]} Re2 {[%clk 0:34:28]} 25. Bf3 {[%clk 0:59:19]} Re3
{[%clk 0:23:50]} 26. Rxc5 {[%clk 0:56:44]} Rdd3 {[%clk 0:22:39]} 27. Bb7
{[%clk 0:53:45]} Rxc3 {[%clk 0:21:12]} 28. Rxc3 {[%clk 0:52:32]} Rxc3
{[%clk 0:21:34]} 29. Rf2 {[%clk 0:51:35]} g5 {[%clk 0:18:47]} 30. Kg2
{[%clk 0:48:10]} Kg7 {[%clk 0:19:06]} 31. Bf3 {[%clk 0:46:05]} Rc2
{[%clk 0:15:36]} 32. g4 {[%clk 0:42:49]} Rxf2+ {[%clk 0:15:44]} 33. Kxf2
{[%clk 0:43:16]} Bc2 {[%clk 0:16:01]} 34. Kg3 {[%clk 0:43:33]} f6
{[%clk 0:15:06]} 35. Bc6 {[%clk 0:42:39]} Kf7 {[%clk 0:15:07]} 36. h4
{[%clk 0:41:52]} Ke7 {[%clk 0:14:35]} 37. hxg5 {[%clk 0:41:32]} hxg5
{[%clk 0:14:57]} 38. fxg5 {[%clk 0:40:44]} fxg5 {[%clk 0:15:22]} 39. Bf3
{[%clk 0:41:07]} Kd6 {[%clk 0:15:00]} 40. Kf2 {[%clk 0:41:33]} Kc5
{[%clk 0:14:01]} 41. Ke3 {[%clk 0:41:57]} Kc4 {[%clk 0:14:12]} 42. Be2+
{[%clk 0:42:08]} Kc3 {[%clk 0:14:30]} 43. Bf3 {[%clk 0:42:14]} Bb3
{[%clk 0:13:09]} 44. Be2 {[%clk 0:42:18]} Bd5 {[%clk 0:13:18]} 45. Bd1
{[%clk 0:42:27]} Bc6 {[%clk 0:12:33]} 46. Be2 {[%clk 0:42:40]} e5
{[%clk 0:12:19]} 47. Bd3 {[%clk 0:41:49]} Bd5 {[%clk 0:10:07]} 1/2-1/2

[Event "Moscow Open 2018 F"]
[Site "?"]
[Date "2018.01.27"]
[Round "2.10"]
[White "Kuzub, Pavel"]
[Black "Styazhkina, Anna"]
[Result "0-1"]
[BlackElo "2283"]
[WhiteElo "2020"]
[LiveChessVersion "1.4.8"]

1. Nf3 {[%clk 1:28:54]} d5 {[%clk 1:30:50]} 2. g3 {[%clk 1:29:04]} c6
{[%clk 1:31:11]} 3. Bg2 {[%clk 1:29:20]} Bg4 {[%clk 1:31:32]} 4. c4
{[%clk 1:29:27]} Nf6 {[%clk 1:27:48]} 5. O-O {[%clk 1:28:23]} e6 {[%clk 1:27:00]}
6. cxd5 {[%clk 1:25:01]} cxd5 {[%clk 1:24:08]} 7. Ne5 {[%clk 1:14:43]} Bf5
{[%clk 1:24:08]} 8. d4 {[%clk 1:13:24]} Nfd7 {[%clk 1:19:57]} 9. Qa4
{[%clk 1:09:14]} f6 {[%clk 1:17:59]} 10. Nf3 {[%clk 1:06:35]} Bd6
{[%clk 1:17:02]} 11. Nc3 {[%clk 1:06:32]} Nc6 {[%clk 1:16:18]} 12. Re1
{[%clk 1:01:44]} Nb6 {[%clk 1:14:29]} 13. Qd1 {[%clk 1:01:54]} O-O
{[%clk 1:14:26]} 14. a3 {[%clk 0:58:25]} Rc8 {[%clk 1:13:05]} 15. Nh4
{[%clk 0:48:13]} Bg4 {[%clk 1:12:43]} 16. Qd3 {[%clk 0:48:37]} Bb8
{[%clk 1:10:02]} 17. e4 {[%clk 0:37:54]} dxe4 {[%clk 1:08:16]} 18. Bxe4
{[%clk 0:38:11]} f5 {[%clk 1:08:16]} 19. Bxc6 {[%clk 0:38:34]} Rxc6
{[%clk 1:07:52]} 20. f4 {[%clk 0:38:00]} Qf6 {[%clk 1:04:38]} 21. b3
{[%clk 0:33:54]} Rd8 {[%clk 1:03:28]} 22. Be3 {[%clk 0:32:27]} a6
{[%clk 1:03:32]} 23. Bf2 {[%clk 0:29:09]} Nd7 {[%clk 1:01:04]} 24. Qe3
{[%clk 0:25:01]} Ba7 {[%clk 0:59:25]} 25. Ne2 {[%clk 0:25:08]} Qf7
{[%clk 0:51:43]} 26. Nf3 {[%clk 0:17:22]} Qh5 {[%clk 0:48:13]} 27. Kg2
{[%clk 0:14:33]} Nf6 {[%clk 0:42:56]} 28. Rac1 {[%clk 0:13:18]} Bh3+
{[%clk 0:35:51]} 29. Kg1 {[%clk 0:12:44]} Rcd6 {[%clk 0:35:01]} 30. Ne5
{[%clk 0:10:43]} Bg4 {[%clk 0:32:29]} 31. Nc4 {[%clk 0:09:08]} Rc6
{[%clk 0:25:34]} 32. a4 {[%clk 0:08:02]} Bxe2 {[%clk 0:23:48]} 33. Qxe2
{[%clk 0:08:31]} Qxe2 {[%clk 0:23:59]} 34. Rxe2 {[%clk 0:08:57]} b5
{[%clk 0:24:07]} 35. axb5 {[%clk 0:09:08]} axb5 {[%clk 0:24:20]} 36. Ra1
{[%clk 0:09:36]} bxc4 {[%clk 0:22:44]} 37. Rxa7 {[%clk 0:09:52]} c3
{[%clk 0:22:32]} 38. Rc2 {[%clk 0:09:56]} Nd5 {[%clk 0:22:34]} 39. Ra4
{[%clk 0:10:03]} Rb8 {[%clk 0:21:20]} 40. Rc4 {[%clk 0:10:05]} Rcb6
{[%clk 0:15:56]} 41. Rc5 {[%clk 0:10:34]} Rxb3 {[%clk 0:16:00]} 42. Be1
{[%clk 0:11:03]} Rb2 {[%clk 0:04:48]} 43. Rc1 {[%clk 0:11:27]} Rb1
{[%clk 0:05:08]} 44. Rxb1 {[%clk 0:11:30]} Rxb1 {[%clk 0:05:35]} 45. Kf2
{[%clk 0:11:59]} Rb2+ {[%clk 0:05:10]} 46. Kf3 {[%clk 0:11:27]} Rc2
{[%clk 0:05:00]} 47. h3 {[%clk 0:11:35]} h5 {[%clk 0:03:54]} 48. Rc6
{[%clk 0:11:40]} Kf7 {[%clk 0:04:15]} 49. Rc5 {[%clk 0:12:04]} Ke7
{[%clk 0:03:21]} 50. Rc6 {[%clk 0:12:33]} Kd7 {[%clk 0:02:48]} 51. Rc5
{[%clk 0:13:01]} h4 {[%clk 0:00:49]} 52. gxh4 {[%clk 0:13:02]} Rh2
{[%clk 0:00:50]} 53. Bg3 {[%clk 0:13:00]} Rd2 {[%clk 0:00:47]} 0-1

[Event "Moscow Open 2018 F"]
[Site "?"]
[Date "2018.01.27"]
[Round "2.12"]
[White "Kasparov, Aram"]
[Black "Shapkin, Anatoliy"]
[Result "0-1"]
[BlackElo "2278"]
[WhiteElo "1986"]
[LiveChessVersion "1.4.8"]

1. e4 {[%clk 1:30:20]} e5 {[%clk 1:13:16]} 2. Nf3 {[%clk 1:29:22]} Nc6
{[%clk 1:13:39]} 3. Bb5 {[%clk 1:29:11]} Nf6 {[%clk 1:14:01]} 4. O-O
{[%clk 1:29:09]} Nxe4 {[%clk 1:14:23]} 5. d4 {[%clk 1:23:01]} Nd6
{[%clk 1:14:45]} 6. Bxc6 {[%clk 1:22:29]} dxc6 {[%clk 1:15:09]} 7. Bg5
{[%clk 1:21:05]} Be7 {[%clk 1:09:37]} 8. dxe5 {[%clk 1:18:31]} Nf5
{[%clk 1:06:34]} 9. Qxd8+ {[%clk 1:17:39]} Bxd8 {[%clk 1:06:57]} 10. Rd1
{[%clk 1:16:51]} Bxg5 {[%clk 1:06:40]} 11. Nxg5 {[%clk 1:17:12]} h6
{[%clk 1:05:32]} 12. Nf3 {[%clk 1:14:19]} Ne7 {[%clk 1:04:01]} 13. h3
{[%clk 1:14:37]} Bf5 {[%clk 1:02:11]} 14. c4 {[%clk 1:13:42]} Ng6
{[%clk 1:01:49]} 15. Nc3 {[%clk 1:10:19]} Ke7 {[%clk 1:01:52]} 16. Rd4
{[%clk 1:06:18]} Rad8 {[%clk 1:01:16]} 17. Re1 {[%clk 1:02:39]} Be6
{[%clk 0:56:46]} 18. Red1 {[%clk 1:01:26]} Rxd4 {[%clk 0:54:45]} 19. Rxd4
{[%clk 1:00:36]} Rd8 {[%clk 0:54:06]} 20. Rxd8 {[%clk 1:00:20]} Kxd8
{[%clk 0:54:30]} 21. b3 {[%clk 1:00:42]} Ke7 {[%clk 0:54:25]} 22. g4
{[%clk 0:57:21]} b6 {[%clk 0:37:26]} 23. Kh2 {[%clk 0:53:57]} Bd7
{[%clk 0:36:19]} 24. Ne2 {[%clk 0:53:27]} c5 {[%clk 0:36:15]} 25. Kg3
{[%clk 0:53:31]} Ke6 {[%clk 0:35:42]} 26. Nf4+ {[%clk 0:49:25]} Nxf4
{[%clk 0:35:57]} 27. Kxf4 {[%clk 0:49:52]} g5+ {[%clk 0:32:51]} 28. Ke3
{[%clk 0:50:13]} Bc6 {[%clk 0:33:11]} 29. Ne1 {[%clk 0:49:34]} Kxe5
{[%clk 0:33:03]} 30. Nd3+ {[%clk 0:49:37]} Ke6 {[%clk 0:32:50]} 31. f3
{[%clk 0:49:56]} f5 {[%clk 0:32:21]} 32. Kf2 {[%clk 0:45:01]} Kf6
{[%clk 0:28:34]} 33. Ke3 {[%clk 0:43:00]} Be8 {[%clk 0:23:24]} 34. Ke2
{[%clk 0:39:26]} h5 {[%clk 0:21:14]} 35. Ke3 {[%clk 0:38:32]} h4 {[%clk 0:18:19]}
36. Nf2 {[%clk 0:35:02]} Bc6 {[%clk 0:17:05]} 37. gxf5 {[%clk 0:31:13]} Kxf5
{[%clk 0:17:27]} 38. Ng4 {[%clk 0:31:28]} Bd7 {[%clk 0:13:55]} 39. Nf2
{[%clk 0:30:28]} Ke5 {[%clk 0:13:56]} 40. Nd3+ {[%clk 0:30:56]} Kf6
{[%clk 0:14:10]} 41. Nf2 Bf5 {[%clk 0:14:16]} 42. f4 {[%clk 0:23:02]} Kg6
{[%clk 0:13:13]} 43. Ng4 {[%clk 0:18:43]} Bxg4 {[%clk 0:11:53]} 44. hxg4
{[%clk 0:19:06]} gxf4+ {[%clk 0:12:14]} 45. Kxf4 {[%clk 0:19:22]} a6
{[%clk 0:12:31]} 46. a3 {[%clk 0:19:46]} a5 {[%clk 0:12:46]} 47. Ke4
{[%clk 0:18:30]} Kg5 {[%clk 0:09:54]} 48. Kf3 {[%clk 0:18:59]} a4
{[%clk 0:09:55]} 49. bxa4 {[%clk 0:19:21]} c6 {[%clk 0:09:16]} 50. a5
{[%clk 0:17:34]} bxa5 {[%clk 0:09:41]} 51. a4 {[%clk 0:18:00]} h3 0-1

[Event "Moscow Open 2018 F"]
[Site "?"]
[Date "2018.01.27"]
[Round "2.13"]
[White "Thing, Bibek"]
[Black "Kudenko, Alexander"]
[Result "1-0"]
[BlackElo "1978"]
[WhiteElo "2252"]
[LiveChessVersion "1.4.8"]

1. e4 c5 2. Nf3 e6 3. g3 Nc6 4. Bg2 d5 5. exd5 exd5 6. O-O Nf6 7. d4 c4 8. Ne5
Be7 9. b3 cxb3 10. axb3 Qb6 11. Bb2 O-O 12. Nc3 Rd8 13. Nxc6 Qxc6 14. Qd3 a6 15.
Nd1 Be6 16. Ne3 Qd7 17. Rfe1 Bf8 18. c4 Rac8 19. c5 g6 20. Bc1 Bg7 21. Bd2 Ne4
22. Ba5 Re8 23. f3 Nf6 24. Bd2 Kh8 25. g4 Ng8 26. Nf1 f5 27. h3 fxg4 28. fxg4 Ne7
29. Nh2 Nc6 30. Nf3 Rf8 31. Be3 Rce8 32. Bf2 Bg8 33. Rad1 Qc7 34. Qd2 Qb8 35. Qc3
Qf4 36. Qb2 Qc7 37. b4 Qf4 38. Rxe8 Rxe8 39. b5 axb5 40. Qxb5 Re7 41. Qd3 Re4 42.
Nd2 Rxd4 43. Bxd4 Bxd4+ 44. Kh1 Ne5 45. Qf1 Qg5 46. Nf3 Nxf3 47. Qxf3 Be5 48. Qf8
Qh4 49. Qf3 Qg5 50. Qf2 Bf4 51. Re1 h5 52. Qb2+ Kh7 53. Qxb7+ Kh6 54. Qc8 hxg4
55. Qxg8 1-0

[Event "Moscow Open 2018 F"]
[Site "?"]
[Date "2018.01.27"]
[Round "2.14"]
[White "Lugovets, Dmitry"]
[Black "Aleksandrovskiy, Dmitriy"]
[Result "0-1"]
[BlackElo "2239"]
[WhiteElo "1975"]
[LiveChessVersion "1.4.8"]

1. d4 {[%clk 1:18:53]} d6 {[%clk 1:30:52]} 2. e4 {[%clk 1:19:12]} Nf6
{[%clk 1:31:14]} 3. Nc3 {[%clk 1:19:31]} e5 {[%clk 1:31:37]} 4. dxe5
{[%clk 1:19:51]} dxe5 {[%clk 1:32:01]} 5. Qxd8+ {[%clk 1:20:14]} Kxd8
{[%clk 1:32:27]} 6. Nf3 {[%clk 1:20:30]} Bd6 {[%clk 1:32:05]} 7. Bg5
{[%clk 1:20:37]} Be6 {[%clk 1:31:59]} 8. O-O-O {[%clk 1:20:50]} Ke7
{[%clk 1:32:07]} 9. Nd2 {[%clk 1:10:19]} Nbd7 {[%clk 1:29:56]} 10. Bc4
{[%clk 1:10:15]} h6 {[%clk 1:28:05]} 11. Bxf6+ {[%clk 1:06:20]} Nxf6
{[%clk 1:28:21]} 12. f3 {[%clk 1:05:36]} Bb4 {[%clk 1:20:55]} 13. Bxe6
{[%clk 0:56:35]} Bxc3 {[%clk 1:21:09]} 14. Bh3 {[%clk 0:56:13]} Bxd2+
{[%clk 1:20:23]} 15. Rxd2 {[%clk 0:56:09]} Rad8 {[%clk 1:17:24]} 16. Rhd1
{[%clk 0:56:59]} Rxd2 {[%clk 1:17:34]} 17. Rxd2 {[%clk 0:57:27]} h5
{[%clk 1:17:42]} 18. c3 {[%clk 0:54:29]} c6 {[%clk 1:16:57]} 19. Kc2
{[%clk 0:54:43]} b6 {[%clk 1:17:15]} 20. b4 {[%clk 0:52:15]} Rb8 {[%clk 1:17:15]}
21. Kb3 {[%clk 0:52:31]} Rb7 {[%clk 1:17:24]} 22. g3 {[%clk 0:51:34]} Rb8
{[%clk 1:17:23]} 23. Bg2 {[%clk 0:49:51]} h4 {[%clk 1:15:43]} 24. g4
{[%clk 0:39:29]} Nh7 {[%clk 1:15:16]} 25. a4 {[%clk 0:38:30]} Ng5
{[%clk 1:15:27]} 26. h3 {[%clk 0:38:54]} Ne6 {[%clk 1:15:03]} 27. Bf1
{[%clk 0:38:21]} Ng5 {[%clk 1:13:32]} 28. Bg2 {[%clk 0:38:16]} Rh8
{[%clk 1:13:25]} 29. Kc4 {[%clk 0:36:36]} Rh6 {[%clk 1:13:01]} 30. b5
{[%clk 0:35:24]} Rd6 {[%clk 1:13:03]} 31. Ra2 {[%clk 0:32:58]} Ne6
{[%clk 1:12:34]} 32. a5 {[%clk 0:33:08]} cxb5+ {[%clk 1:12:33]} 33. Kxb5
{[%clk 0:33:36]} Kf6 {[%clk 1:11:01]} 34. axb6 {[%clk 0:32:14]} Rxb6+
{[%clk 1:10:47]} 35. Kc4 {[%clk 0:32:37]} Rb1 {[%clk 1:09:39]} 36. Rf2
{[%clk 0:30:22]} Kg5 {[%clk 1:07:05]} 37. f4+ {[%clk 0:30:45]} Nxf4
{[%clk 1:07:17]} 38. Bf1 {[%clk 0:31:04]} Re1 {[%clk 1:07:27]} 39. Kc5
{[%clk 0:30:17]} Rxe4 {[%clk 1:07:31]} 40. Kd6 {[%clk 0:30:38]} Re1
{[%clk 1:07:29]} 41. c4 {[%clk 0:31:00]} e4 {[%clk 1:07:51]} 42. c5
{[%clk 0:29:38]} e3 {[%clk 1:08:13]} 43. Rf3 {[%clk 0:29:47]} e2 {[%clk 1:07:11]}
44. Bxe2 {[%clk 0:30:14]} Rxe2 {[%clk 1:07:34]} 45. c6 {[%clk 0:30:29]} Rd2+
{[%clk 1:07:52]} 46. Ke7 {[%clk 0:30:01]} Rc2 {[%clk 1:07:03]} 47. Kd6
{[%clk 0:30:23]} Nxh3 {[%clk 1:06:44]} 48. Rxf7 {[%clk 0:28:41]} g6
{[%clk 1:06:05]} 49. Rxa7 {[%clk 0:26:59]} Nf4 {[%clk 1:03:53]} 50. Ra5+
{[%clk 0:27:09]} Kxg4 {[%clk 1:04:14]} 51. Rc5 {[%clk 0:27:30]} Rxc5
{[%clk 1:04:31]} 52. Kxc5 {[%clk 0:27:57]} Ne6+ {[%clk 1:04:54]} 53. Kd6
{[%clk 0:27:57]} Kf5 {[%clk 1:05:17]} 0-1

[Event "Moscow Open 2018 F"]
[Site "?"]
[Date "2018.01.27"]
[Round "2.15"]
[White "Oguzov, Shamil"]
[Black "Kulpin, Dmitriy"]
[Result "1-0"]
[BlackElo "1970"]
[WhiteElo "2220"]
[LiveChessVersion "1.4.8"]

1. e4 {[%clk 1:21:28]} c5 {[%clk 1:30:53]} 2. Nf3 {[%clk 1:19:51]} e6
{[%clk 1:31:18]} 3. d4 {[%clk 1:19:52]} cxd4 {[%clk 1:31:43]} 4. Nxd4
{[%clk 1:20:21]} Nc6 {[%clk 1:32:06]} 5. Nc3 {[%clk 1:20:46]} Qc7
{[%clk 1:32:29]} 6. Nxc6 {[%clk 1:17:18]} dxc6 {[%clk 1:32:13]} 7. f4
{[%clk 1:15:14]} e5 {[%clk 1:29:27]} 8. Qf3 {[%clk 1:12:46]} Nf6 {[%clk 1:27:53]}
9. f5 {[%clk 1:10:31]} h5 {[%clk 1:24:49]} 10. Bg5 {[%clk 1:09:18]} Bd7
{[%clk 1:19:39]} 11. Bc4 {[%clk 0:56:36]} Bc5 {[%clk 1:16:55]} 12. O-O-O
{[%clk 0:55:45]} b5 {[%clk 1:13:32]} 13. Bb3 {[%clk 0:53:21]} a5 {[%clk 1:11:01]}
14. a4 {[%clk 0:52:49]} Be7 {[%clk 0:55:15]} 15. Qd3 {[%clk 0:36:20]} b4
{[%clk 0:51:20]} 16. Qc4 {[%clk 0:27:20]} O-O-O {[%clk 0:42:55]} 17. Nb1
{[%clk 0:26:13]} Rhf8 {[%clk 0:40:06]} 18. Nd2 {[%clk 0:26:00]} Kb8
{[%clk 0:35:41]} 19. Qe2 {[%clk 0:21:37]} g6 {[%clk 0:32:47]} 20. Rhf1
{[%clk 0:19:20]} gxf5 {[%clk 0:21:46]} 21. exf5 {[%clk 0:19:47]} Nd5
{[%clk 0:16:48]} 22. Bxe7 {[%clk 0:16:33]} Nxe7 {[%clk 0:17:11]} 23. Qxh5
{[%clk 0:16:44]} Nd5 {[%clk 0:16:38]} 24. Qf3 {[%clk 0:16:57]} f6
{[%clk 0:11:15]} 25. h4 {[%clk 0:16:17]} Rh8 {[%clk 0:10:33]} 26. g3
{[%clk 0:16:35]} Ne7 {[%clk 0:08:44]} 27. g4 {[%clk 0:09:45]} Rxh4
{[%clk 0:07:07]} 28. Ne4 {[%clk 0:09:59]} Nd5 {[%clk 0:04:52]} 29. Nc5
{[%clk 0:08:18]} Qb6 {[%clk 0:03:26]} 30. Qf2 {[%clk 0:08:22]} Rh2
{[%clk 0:01:41]} 31. Nxd7+ {[%clk 0:08:16]} 1-0

[Event "Moscow Open 2018 F"]
[Site "?"]
[Date "2018.01.27"]
[Round "2.16"]
[White "Shamsijarov, Aleksandr"]
[Black "Antonov, Andrey P."]
[Result "0-1"]
[BlackElo "2176"]
[WhiteElo "1957"]
[LiveChessVersion "1.4.8"]

1. e4 e5 2. Nf3 Nc6 3. Bb5 g6 4. O-O Bg7 5. c3 a6 6. Ba4 d6 7. d4 Bd7 8. d5 Nce7
9. Bxd7+ Qxd7 10. c4 h6 11. Nc3 f5 12. Ne1 fxe4 13. Nxe4 Nf6 14. Nxf6+ Bxf6 15.
Qb3 b6 16. Nc2 Nf5 17. Qd3 O-O 18. a4 a5 19. Ra3 Rf7 20. Qe4 Bg7 21. Bd2 Kh7 22.
Bc3 h5 23. f3 Bh6 24. Rfa1 Qe7 25. b4 axb4 26. Bxb4 Qg5 27. a5 bxa5 28. Bxa5 Nh4
29. g3 Rxa5 30. Ne1 Rxa3 31. Rxa3 Qc1 32. Rd3 Nxf3+ 33. Rxf3 Rxf3 34. Qxf3 Qxe1+
35. Kg2 Kg7 36. Qb3 Qe2+ 0-1